The World's Aircraft Carriers - Statistics

General Stats
  • This quiz has been taken 16 times
  • The average score is 15 of 25
Answer Stats
Hint Answer % Correct
France Charles de Gaulle
100%
USA George Washington
83%
UK Queen Elizabeth
83%
USA Abraham Lincoln
75%
USA Gerald Ford
75%
USA Nimitz
75%
UK Prince of Wales
75%
USA Ronald Reagan
75%
USA Dwight Eisenhower
67%
USA George Bush
67%
USA Theodore Roosevelt
67%
USA Harry Truman
58%
Japan Kaga
58%
China Liaoning
58%
China Shandong
58%
India Vikrant
58%
USA Carl Vinson
50%
Italy Cavour
50%
Japan Izumo
50%
India Vikramaditya
50%
Spain Juan Carlos I
42%
Italy Trieste
42%
USA John Stennis
33%
Turkey Anadolu
25%
USA John Kennedy
8%
No matching quizzes found
Score Distribution
Percent of People with Each Score
Percentile by Number Answered
Your Score History
You have not taken this quiz